Detalles MARC
| 000 -LÍDER |
| Campo fijo de descripción fija |
02169nam a2200373 i 4500 |
| 001 - NÚMERO DE CONTROL |
| Campo de control |
768714001 |
| 003 - IDENTIFICADOR DEL NÚMERO DE CONTROL |
| Campo de control |
CO-MdFUSB |
| 005 - FECHA Y HORA DE LA ULTIMA TRANSACCIÓN |
| control field |
20260324093753.0 |
| 007 - CAMPO FIJO DE DESCRIPCIÓN FIJA--INFORMACIÓN GENERAL |
| Campo fijo de descripción fija |
ta |
| 008 - ELEMENTOS DE LONGITUD FIJA -- INFORMACIÓN GENERAL |
| Campo fijo de descripción fija -- Información general |
241009t1981 sp b|||| |||| 001 0 spa d |
| 020 ## - NÚMERO INTERNACIONAL NORMALIZADO PARA LIBROS |
| Número Internacional Normalizado del libro |
8425408318 |
| 040 ## - FUENTE DE CATALOGACIÓN |
| Idioma de catalogación |
spa. |
| Agencia de catalogación original |
CO-MdFUSB |
| Agencia que realiza la transcripción |
CO-MdFUSB |
| Agencia que realiza la modificación |
CO-MdFUSBC |
| Convenciones de la descripción |
rda |
| 041 ## - CÓDIGO DE IDIOMA |
| Código de idioma para texto/pista de sonido o título separado |
spa |
| Código de idioma original |
ger |
| 082 ## - NÚMERO DE CLASIFICACIÓN DECIMAL DEWEY |
| Número de la edición del Dewey |
23 |
| Número de clasificación |
226.607 |
| Clave de autor-Numero de item |
W633 |
| 100 ## - ASIENTO PRINCIPAL--NOMBRE PERSONAL |
| Nombre personal |
Wikenhauser, Alfred, |
| Término relacionador |
autor |
| 240 ## - TITULO UNIFORME |
| Título uniforme |
<a href="Apostelgeschichte">Apostelgeschichte</a> |
| 245 #4 - TÍTULO |
| Título del Material |
Los Hechos de los apóstoles |
| Mención de responsabilidad, etc. |
/ Alfred Wikenhauser ; traducido por Florencio Galindo |
| 250 ## - MENCIÓN DE EDICIÓN |
| Mención de edición |
Tercera edición |
| Resto de la mención de edición |
1981 |
| 264 #1 - PRODUCCIÓN, PUBLICACIÓN, DISTRIBUCIÓN, MANUFACTURA, Y COPYRIGHT |
| Lugar de producción, publicación, distribución, manufactura |
Barcelona, España : |
| Nombre del productor, publicador, distribuidor |
Herder, |
| Fecha de producción, publicación, distribución, manufactura, o copyright |
[1981] |
| 264 #4 - PRODUCCIÓN, PUBLICACIÓN, DISTRIBUCIÓN, MANUFACTURA, Y COPYRIGHT |
| Fecha de producción, publicación, distribución, manufactura, o copyright |
©1981 |
| 300 ## - DESCRIPCIÓN FÍSICA |
| Extensión |
424 páginas |
| Otros detalles físicos |
: mapa plegable |
| Dimensiones |
; 22 cm |
| 336 ## - TIPO DE CONTENIDO |
| Fuente |
rdacontent |
| Término de tipo de contenido |
texto |
| Código de tipo de contenido |
txt |
| 337 ## - TIPO DE MEDIO |
| Fuente |
rdamedia |
| Nombre del tipo de medio |
sin mediación |
| Código del tipo de medio |
n |
| 338 ## - TIPO DE SOPORTE |
| Fuente |
rdacarrier |
| Nombre del tipo de soporte |
volumen |
| Código Tipo de soporte |
nc |
| 490 ## - MENCIÓN DE SERIE |
| Mención de serie |
Biblioteca Herder |
| 500 ## - NOTA GENERAL |
| Nota General |
Incluye índice, cuadro cronológico, mapa. |
| 505 ## - NOTA DE CONTENIDO |
| Información miscelánea |
Parte Primera: |
| Título |
La iglesia en su fase Judeocristiana. Jerusalén, centro de la cristianidad (2,1-9,31) |
| Nota de contenido con formato preestablecido |
Sección primera: La comunidad primitiva: su origen, desarrollo y posición frente a la autoridad judía. Su vida religioso-social (2,1-8,3). -- Sección segunda: La misión en Palestina - preludio de la evangelización de los gentiles (8,4-9,31). |
| Información miscelánea |
Parte Segunda: |
| Título |
Principios y consolidación de la evangelización de los gentiles. Antioquía, centro de irradiación (9,32-15,35).<br/><br/> |
| Nota de contenido con formato preestablecido |
Sección Primera: Primeros pasos en la evangelización de los gentiles (9,32-12,25). -- Sección segunda: Se consolida la evangelización de los gentiles, 13, 1-15,35. |
| Información miscelánea |
Parte Tercera: |
| Título |
La evangelización de los gentiles. Pablo, personaje central de la acción (15,36-28,31). |
| Nota de contenido con formato preestablecido |
Sección Primera: Pablo en el apogeo de su actividad misional (15,36-19,40). -- Sección Segunda: Pablo, víctima de su actividad misionera. Su testimonio de Cristo en calidad de prisionero (20,1-28,31). |
| 563 ## - NOTA DE ENCUADERNACIÓN |
| Nota de encuadernación |
Tapa dura |
| 630 07 - TITULO UNIFORME |
| Título uniforme |
Biblia. |
| Nombre de parte o sección de la obra |
Hechos |
| Subdivisión de forma |
Crítica e interpretación |
| 650 #7 - ASIENTO SECUNDARIO DE MATERIA - TERMINO TEMÁTICO |
| Término temático o nombre geográfico como elemento de entrada |
Hermenéutica bíblica |
| Fuente del encabezamiento o término |
embne |
| 9 (RLIN) |
7333 |
| 700 ## - ASIENTO SECUNDARIO - NOMBRE PERSONAL |
| Nombre personal |
Galindo, Florencio, |
| Fechas asociadas con el nombre |
1928- |
| 9 (RLIN) |
10813 |
| Responsabilidad |
traductor |
| 942 ## - TIPO DE MATERIAL (KOHA) |
| Tipo de Item KOHA |
Libros General |
| 945 ## - INFORMACIÓN LOCAL DEL REGISTRO |
| Catalogador |
Catherine Arias Alvarez |